Statistics for Helldivers 2 All Stratagems

Click here to take the quiz!

General Stats

  • This quiz has been taken 12 times
  • The average score is 29 of 61

Answer Stats

Answer% Correct
Machine Gun
90%
Autocannon
70%
Eagle Airstrike
70%
Flamethrower
70%
Orbital 380MM HE Barrage
70%
Orbital Laser
70%
Quasar Cannon
70%
Autocannon Sentry
60%
Eagle Napalm Strike
60%
Eagle Strafing Run
60%
EMS Mortar Sentry
60%
Guard Dog
60%
Guard Dog Rover
60%
Heavy Machine Gun
60%
Hellbomb
60%
HMG Emplacement
60%
Machine Gun Sentry
60%
Mortar Sentry
60%
Orbital 120MM HE Barrage
60%
Orbital Airburst Strike
60%
Orbital EMS Strike
60%
Orbital Precision Strike
60%
Recoilless Rifle
60%
Reinforce
60%
Resupply
60%
Stalwart
60%
Anti-Material Rifle
50%
Eagle 500kg Bomb
50%
Eagle Cluster Bomb
50%
Eagle Smoke Strike
50%
Gatling Sentry
50%
Grenade Launcher
50%
Orbital Gas Strike
50%
Orbital Railcannon Strike
50%
Orbital Smoke Strike
50%
Patriot Exosuit
50%
Railgun
50%
Rocket Sentry
50%
SPEAR Launcher
50%
Supply Pack
50%
Arc Thrower
40%
Eagle 110MM Rocket Pods
40%
Expendable Anti-Tank
40%
Incendiary Mines
40%
Jump Pack
40%
Laser Cannon
40%
SOS Beacon
40%
Orbital Gatling Barrage
30%
Shield Generator Pack
30%
SSSD Delivery
30%
Super Earth Flag
30%
Ballistic Shield Backpack
20%
Orbital Walking Barrage
20%
SEAF Artillery
20%
Seismic Probe
20%
Shield Generator Relay
20%
Tesla Tower
20%
Upload Data
20%
Anti-Personel Minefield
10%
Eagle Rearm
10%
Prospecting Drill
10%

Score Distribution

Percentile by Number Answered

Percent of People with Each Score

Your Score History

You have not taken this quiz